000
00524nam a2200133Ia 4500
008
100328s9999 xx 000 0 und d
082
_b
48052
100
_a
पगडी सेतुमाधवराव
245
_a
नियतीच्या विळख्यात औरंगजेब
260
_b
परचुरे
630
_a
नियतीच्या विळख्यात औरंगजेब
730
_a
नियतीच्या विळख्यात औरंगजेब
942
_c
BOOK
999
_c
535730
_d
535727